LEADER 00984nam a2200193 i 4500 001 000000249228 003 CaOOAMICUS 005 20160502000000.0 008 160502s1830 it u000 u ita u 013 $a228133 026 $aE.Y. e,ta o.o- abPl (3) 1830 (R) 040 $aSeMil$bita 245 10$aVol. 61. 300 $a453, [3] p. 773 0 $tBiografia universale antica e moderna ossia Storia per alfabeto della vita pubblica e privata di tutte le persone che si distinsero per opere, azioni, talenti, virtł e delitti. Opera affatto nuova compilata in Francia da una societą di dotti ed ora per la prima volta recata in italiano con aggiunte e correzioni. Volume 1. [-65.].$dVenezia : presso Gio. Battista Missiaglia, dalla tipografia di Alvisopoli, 1822-1831.$g61$w()6971 850 $aSeMil 852 $aSeMil$W1$xVenegono$y1$m1E III 61 FA$j199574$B199574$CSeMilBibl$Z2$F211039 $8I 961 $aRecupero: Mantegazza 996 $6245$aVol. 61$9(OLS)http://semarc/title/341588 LEADER 01223nam a2200277 i 4500 001 000000172885 003 CaOOAMICUS 005 20080703000000.0 008 080703s1997 it u000 u ita u 013 $a150330 020 $a88-215-3500-2 040 $aSeMil$bita 100 1 $aRobuschi, Riccardo.$0(OLS)http://semarc/name/64620 245 12$aL'ellenismo e i Maccabei :$bscontro fra due culture /$cRiccardo Robuschi. 260 $aCinisello Balsamo :$bSan Paolo,$c1997. 300 $a69 p. ;$c20 cm. 490 0 $aLa Bibbia nelle nostre mani ;$v4 500 $aContiene : Bibliografia. 650 4$aBibbia. Antico Testamento. Maccabei - Commentari, studi, critica, interpretazioni.$0(OLS)http://semarc/subject/4774 830 3$aLa Bibbia nelle nostre mani ;$v4.$0(OLS)http://semarc/title/10281 850 $aSeMil 852 $aSeMil$W1$xVenegono$y1$m2V II 217$j123737$B123737$CSeMilBibl$Z2$F135708 $81 961 $aOmaggio: Biblioteca Ambrosiana 996 $6020$a88-215-3500-2$9(OLS)http://semarc/number/160442 996 $6245$aL'ellenismo e i Maccabei :$bscontro fra due culture$9(OLS)http://semarc/title/247680 996 $6260$aCinisello Balsamo :$bSan Paolo$9(OLS)http://semarc/publisher/30129